| 000 | 00000nam 2200000zi 4500 |
| 001 | 9.920827 |
| 003 | CaOODSP |
| 005 | 20230505130916 |
| 006 | m o d f |
| 007 | cr cn||||||||| |
| 008 | 230310t20232023onc o f000 0 eng d |
| 020 | |a9780660479798|q(report) |
| 020 | |a9780660479804|q(summary) |
| 040 | |aCaOODSP|beng|erda|cCaOODSP |
| 043 | |an-cn--- |
| 086 | 1 |aBC92-110/1-2023E-PDF |
| 086 | 1 |aBC92-110/2-2023E-PDF |
| 245 | 00|aResearch on telecommunications services in northern Canada : |bfinal report. |
| 264 | 1|aOttawa, Ontario : |bCanadian Radio-television and Telecommunications Commission = Conseil de la radiodiffusion et des télecommunications canadiennes, |c2023. |
| 264 | 4|c©2023 |
| 300 | |a1 online resource (v, 39 pages) + |eexecutive summary (v pages) |
| 336 | |atext|btxt|2rdacontent |
| 337 | |acomputer|bc|2rdamedia |
| 338 | |aonline resource|bcr|2rdacarrier |
| 500 | |aCover title. |
| 500 | |aIssued also in French under title: Recherche sur les services de télécommunications dans le nord du Canada : rapport final. |
| 500 | |a"Contract Number: W2240356." |
| 500 | |a"Registration Number: POR 044-22." |
| 650 | 0|aInternet|zCanada, Northern|xPublic opinion. |
| 650 | 0|aTelephone|zCanada, Northern|xPublic opinion. |
| 650 | 0|aTelevision|zCanada, Northern|xPublic opinion. |
| 650 | 0|aRadio|zCanada, Northern|xPublic opinion. |
| 650 | 0|aPublic opinion|zCanada, Northern. |
| 710 | 2 |aCanadian Radio-television and Telecommunications Commission, |eissuing body. |
| 710 | 2 |aEnvironics Research Group, |econsultant. |
| 775 | 08|tRecherche sur les services de télécommunications dans le nord du Canada : |w(CaOODSP)9.920829 |
| 795 | |tResearch on telecommunications services in northern Canada.|w(CaOODSP)9.892779 |
| 856 | 40|qPDF|s939 KB|uhttps://publications.gc.ca/collections/collection_2023/crtc/BC92-110-1-2023-eng.pdf|zFinal report |
| 856 | 40|qPDF|s355 KB|uhttps://publications.gc.ca/collections/collection_2023/crtc/BC92-110-2-2023-eng.pdf|zExecutive summary |